000 00682nam a2200193Ia 4500
003 GCL
008 140319s9999 xx 000 0 ara d
040 _aGCL /
_cGCL
082 0 4 _a362.2566
_bج م
100 1 _aجمعية رعاية الطفل اللبنانى
245 1 0 _aمجمل ابحاث ودراسات حول الطفل المتخلف والمعاق فى لبنان /
_cجمعية رعاية الطفل اللبنانى
300 _a239 ص
490 _aالهيئة العامة للاستعلامات
_v0
650 0 4 _aلبنان
650 0 4 _aالطفل - رعاية
650 0 4 _aالمعوقون
650 0 4 _aالاطفال المعوقون
942 _2ddc
_cBK
999 _c50637
_d50637